| 000 | 00953nam a2200253 i 4500 | ||
|---|---|---|---|
| 003 | DO-SdBNP | ||
| 005 | 20240910081711.0 | ||
| 007 | ta | ||
| 008 | 240909b1979 mx abc|| |||| 00| 0 spa d | ||
| 040 |
_aDO-SdBNP _bspa _cBNPHU _erda |
||
| 082 | 4 | _222 | |
| 111 | 2 |
_aConferencia General del Episcopado Latinoamericano _cMéxico) _d18 enero 1979 : _n(3 : _986545 |
|
| 245 | 0 | 0 |
_aDios habla hoy : _bla Biblia con deuterocanónicos versión popular |
| 264 |
_aMéxico : _bEditora Sociedades Biblícas Unidas, _c1979. |
||
| 300 |
_a428 páginas : _bilustraciones, mapas y retratos ; _c18 cm. |
||
| 336 |
_atexto _btxt _2rdacontent |
||
| 337 |
_asin mediación _bn _2rdamedia |
||
| 338 |
_avolumen _bnc _2rdacarrier |
||
| 500 | _aIncluye referencias bibliográficas y notas al pie de las páginas | ||
| 500 | _aTraducción directa de los textos originales: hebreo, arameo y griego. | ||
| 590 | _aInventariado, 2024/BT | ||
| 910 | _aBtavárez | ||
| 942 |
_2ddc _cLBS1 |
||
| 999 |
_c57660 _d57660 |
||